Представление документа в формате RUSMARC

ПолеНазваниеЗначение
  Тип записи a
  Библиографический уровень m
001 Контрольный номер 5e14bd0beaa043eca6dfef1af45e5fdb
005 Дата корректировки 20260422120330.9
100 Данные общей обработки __
a Данные общей обработки 20260422d2024 m y0rusy028902 ca
101 Язык документа 0_
a Язык текста rus
102 Страна публикации __
a Страна публикации RU
105 Кодированные данные (монография) __
a Кодированные данные (монография) y z 000ay
181 Поле кодированных данных: вид содержания _0
a Код вида содержания (ISBD) i
182 Поле кодированных данных: тип средства _0
a Код типа средства (ISBD) n
200 Заглавие и сведения об ответственности 1_
a Заглавие Война и мир
e Сведения, относящиеся к заглавию [роман в 4 томах]
f Первые сведения об ответственности Л. Н. Толстой
203 Вид содержания и тип средства __
a Вид содержания Текст
c Тип средства непосредственный
210 Выходные данные 1_
a Место издания Москва
c Издательство МИФ
d Дата издания 2024
225 Серия 2_
a Серия Вечные истории
i Наименование части Young Adult
225 Серия 2_
a Серия Классика
330 Аннотация __
a Аннотация Классический роман-эпопея, действие которого разворачивается в период с 1805 по 1812 год и захватывает как военные действия, так и мирные периоды между ними. Толстой показывает жизнь нескольких аристократических семей и их взаимоотношения на фоне исторических событий.
333 Примечание о целевом назначении __
a Примечание о целевом назначении 16+. Для детей старше 16 лет
606 Тематические рубрики __
2 Код системы nlr_sh
a Основная рубрика Художественная литература
606 Тематические рубрики __
2 Код системы nlr_sh
a Основная рубрика Русская литература XIX в. (произведения)
610 Ключевые слова 0_
a Ключевые слова русская литература
610 Ключевые слова 0_
a Ключевые слова классическая литература
610 Ключевые слова 0_
a Ключевые слова русская классика
610 Ключевые слова 0_
a Ключевые слова русская классическая литература
610 Ключевые слова 0_
a Ключевые слова романы
610 Ключевые слова 0_
a Ключевые слова романы-эпопеи
610 Ключевые слова 0_
a Ключевые слова тема войны
610 Ключевые слова 0_
a Ключевые слова войны
610 Ключевые слова 0_
a Ключевые слова Отечественная война 1812 г.
610 Ключевые слова 0_
a Ключевые слова тема общества
610 Ключевые слова 0_
a Ключевые слова дворянское общество
610 Ключевые слова 0_
a Ключевые слова общество
610 Ключевые слова 0_
a Ключевые слова тема отцов и детей
610 Ключевые слова 0_
a Ключевые слова взаимоотношения поколений
610 Ключевые слова 0_
a Ключевые слова конфликт поколений
610 Ключевые слова 0_
a Ключевые слова жизненные ценности
610 Ключевые слова 0_
a Ключевые слова нравственные ценности
610 Ключевые слова 0_
a Ключевые слова патриотизм
610 Ключевые слова 0_
a Ключевые слова героизм
610 Ключевые слова 0_
a Ключевые слова экранизации
610 Ключевые слова 0_
a Ключевые слова экранизированные книги
686 Индексы других классификаций __
2 Код системы rubbks
a Классификационный индекс 84(2=411.2)52-4
700 Автор _1
a Фамилия Толстой
b Имя Л. Н.
f Даты 1828-1910
g Полное личное имя Лев Николаевич
4 Код отношения 070
801 Источник записи _0
a Страна RU
b Организация Муниципальное бюджетное учреждение культуры "Централизованная библиотечная система" г. Сургут (Центральная городская библиотека им. А. С. Пушкина)
c Дата составления 20260422
g Правила каталогизации PSBO
801 Источник записи _1
a Страна RU
b Организация Муниципальное бюджетное учреждение культуры "Централизованная библиотечная система" г. Сургут (Центральная городская библиотека им. А. С. Пушкина)
c Дата составления 20260422
g Правила каталогизации PSBO
852 Данные о местонахождении __
i Авторский знак Т 52
j Шифр хранения 84(2=411.2)52-4
901 Тип документа __
a Ответственный КиК/Обаева
t Тип документа v
901 Тип документа __
a Ответственный 5 партия
903 Характеристики (МАРС) __
a Дата передачи 20260422
c Наименование библиотеки (МАРС) Муниципальное бюджетное учреждение культуры "Централизованная библиотечная система" г. Сургут (Центральная городская библиотека им. А. С. Пушкина)